Mirror of charm and beauty /

সংরক্ষণ করুন:
গ্রন্থ-পঞ্জীর বিবরন
প্রধান লেখক: Jamal, A'inah
বিন্যাস: গ্রন্থ
ভাষা:ইংরেজি
প্রকাশিত: Rabwa : ahmadiya muslim foreign mission office, c1963.
সংস্করন:1sted.
বিষয়গুলি:
ট্যাগগুলো: ট্যাগ যুক্ত করুন
কোনো ট্যাগ নেই, প্রথমজন হিসাবে ট্যাগ করুন!

MARC

LEADER 00000cam a22000002 4500
001 0000019401
005 20171002015204.0
008 060517s xx 000 0 eng d
040 |a Daystar  |d COnyango 
050 0 0 |a BP169  |b .A56 
100 1 |a Jamal, A'inah. 
245 1 0 |a Mirror of charm and beauty /  |c by A' inah Jamal. 
250 |a 1sted. 
260 |a Rabwa :  |b ahmadiya muslim foreign mission office,  |c c1963. 
300 |a 98 p. 
650 0 |a Islam-muhammed-characteristics. 
908 |a 060517 
942 |c G 
952 |0 0  |1 0  |4 0  |6 BP_169_000000000000000_A56  |7 0  |9 12194  |a DUA  |b DUA  |c GC  |d 2017-09-28  |l 0  |o BP169.A56  |p BK001562  |r 2017-09-28 00:00:00  |w 2017-09-28  |x 126  |y G 
999 |c 7967  |d 7967